Bottin de 2012 : pages jaunes (mort subite) - Statistiques

Statistiques générales
  • Ce quiz a été pris 11 fois
  • Le résultat moyen est 7 sur 10
Answers on the Grid
Answers color-coded by a green-red scale on the quiz's grid according to % correct below.
Cloches (fonderies, électrification)
Incinérations industrielles
Coupes, insignes, trophées
Vidange, curage
Bars à chattes
Débroussaillage
Graines, semences (production)
Cabinets dans terre
Décapage, dégraissage
Moules d'occasion
Horlogerie électrique, monumentale
Lubrifiants, huiles, graisses industrielles
Avocats spécialistes en clubs libertins
Machines à écrire (réparation)
 
Statistiques - réponses
Réponse % Correct
Cloches (fonderies, électrification)
88%
Débroussaillage
88%
Décapage, dégraissage
75%
Horlogerie électrique, monumentale
75%
Incinérations industrielles
75%
Machines à écrire (réparation)
75%
Vidange, curage
75%
Graines, semences (production)
63%
Lubrifiants, huiles, graisses industrielles
50%
Coupes, insignes, trophées
38%
Aucun quiz correspondant
Distribution des résultats
% des personnes avec chaque résultat
Percentile par nombre de réponses
Votre historique - résultats
Vous n’avez pas pris ce quiz